| 000 | 00621cam a2200193 4500 | ||
|---|---|---|---|
| 001 | 2955 | ||
| 005 | 20181127170131.0 | ||
| 008 | 740424s1974 ohua b 001 0 eng | ||
| 010 | _a 72095935 | ||
| 020 | _a067508895X | ||
| 100 | 1 |
_aHerfindahl, Orris C. _q(Orris Clemens), _d1918- |
|
| 245 | 1 | 0 |
_aEconomic theory of natural resources / _cOrris C. Herfindahl and Allen V. Kneese. |
| 260 |
_aColumbus, OH : _bMerrill, _c1974. |
||
| 300 |
_ax, 405 p. _b _c |
||
| 504 | _aIncludes bibliographical references. | ||
| 650 | 0 | _aEconomics, Mathematical. | |
| 650 | 0 | _aNatural resources. | |
| 700 | 1 |
_aKneese, Allen V., _ejoint author. |
|
| 999 |
_c2373 _d2373 |
||